| 000 | 00601 a2200229 4500 | ||
|---|---|---|---|
| 260 | _aRotterdam | ||
| 100 | _aGROVE, A.T. | ||
| 260 | _bA.A. Balkema | ||
| 300 | _axi-331 p. | ||
| 245 | _aThe Niger and its neighbours : environmental history and hydrobiology, human use and health hazards of the major West African rivers | ||
| 650 | _aEnvironnement | ||
| 650 | _aHydrobiologie | ||
| 650 | _aCours d'eau | ||
| 300 | _bill.; 24 cm. - Index. | ||
| 260 | _c1985 | ||
| 130 | _lEn | ||
| 651 | _aNiger | ||
| 690 | _aFleuve Niger | ||
| 020 | _a90-61-91-512-0 | ||
| 999 |
_c27633 _d27633 |
||